000 00794nam a2200205Ia 4500
999 _c28294
_d28294
003 GCL
005 20240530101850.0
008 140319s9999 xx 000 0 ara d
040 _aGCL /
_cGCL
082 0 4 _a189.1
_bع ف
100 0 _aعاطف العراقى
245 1 0 _aالفيلسوف ابن رشد مفكرا عربيا ورائدا للاتجاة العقلى :
_bبحوث ودراسات عن حياته وافكاره ونظرياته الفلسفية /
_cاشراف وتصدير عاطف العراقى
260 _a[S.N] :
_bالمجلس الاعلى للثقافة لجنة الفلسفة ،
_c1993
300 _a466 ص
650 0 4 _aالفلسفة الاسلامية
650 0 4 _aالفلسفة
650 0 4 _aالفلاسفة
650 0 4 _aالمنطق
942 _2ddc
_cBK